000 00685nam a2200229 a 4500
999 _c1043
_d1043
001 1043
003 BD-JhCC
005 20200204134007.0
008 171014s1340 ii |||| ||a| 000 0 ben d
020 _a9847016900891
035 _a(BD-JhCC) 1043
040 _aBD-JhCC
_dBD-JhCC
041 _aben
082 _a891.443
_bTAG 2009
100 _aঠাকুর, রবীন্দ্রনাথ
245 _aগোরা /
_cরবীন্দ্রনাথ ঠাকুর
260 _aঢাকা:
_bঅ্যাডন পাবলিকেশন
300 _a399 p.:
_c22 cm.
650 _aNovel
_xBengali Literature
942 _2ddc
_cBK
_06